000 00584cam a22002411 4500
001 sa 63002565
003 DLC
005 20260227111934.0
008 890619s1961 ii 000 0 beno
010 _asa 63002565
035 _a(OCoLC)19890604
040 _aDLC
_cWaU
_dDLC
042 _apremarc
043 _aa-ii---
050 0 0 _aDS480.84
_b.K45
100 1 _aKhan, Zala.
245 1 0 _aNaẏanī o rājanīti.
260 _c[1961]
300 _a236 p.
_c22 cm.
500 _aIn Bengali.
650 0 _aMuslims
_zIndia.
651 0 _aIndia
_xPolitics and government
_y1947-
999 _c54521
_d54521